1647 1841 1640 1005 1791 1895 1579 1461 1739 1443 1221 1108 1773 1924 1137 1046 1625 1377 1060 1278 1822 1615 1706 1018 1453 1252 1540 1513 1266 1753 1454 1187 1687 1344 1948 1597 1797 1168 1288 1947 1649 1415 1559 1500 1365 1229 1052 1898 1981 1486 1866 1697 1295 1165 1052 1323 1310 1889 1667 1694 1642 1851 1338 1433 1991 1246 1001 1520 1809 1880 1797 1561 1942 1975 1839 1640 1591 1174 1238 1247 1526 1085 1437 1825 1290 1105 1907 1192 1116 1456 1836 1436 1586 1355 1217 1052 1096 1272 1743 BCNSPRNW ULIB Ver.6.0+V

เปลี่ยนเป็นภาษาไทย

Change to English
 แสดงรายละเอียดบรรณานุกรม
  กลับหน้าหลัก

Brief Record : Get Marc (ISO 2709) : E-mail record : QR code < ปิดหน้าต่าง
LEADER : 00000nam 2200000uu 4500
001    13399123123
003     ULIB
008    140304s2009||||th 000 0 eng d
020    ^a9781605475189 (cloth : alk. paper)
040    ^abra
060 10 ^aWY154^bM889c 2009
100 1  ^aMorton, Patricia Gonce,^d1952-
245 00 ^aCritical care nursing :^ba holistic approach /^cPatricia Gonce Morton, Dorrie K. Fontaine
250    ^a9th ed.
260    ^aPhiladelphia :^bWolters Kluwer Health/Lippincott Williams & Wilkins,^cc2009
300    ^axxxiii, 1502 p. :^bcol. ill. ;^c29 cm. +^e1 CD-ROM (4 3/4 in.)
504    ^aIncludes bibliographical references and index
650  0 ^aIntensive care nursing.
650  0 ^aHolistic nursing.
650  2 ^aCritical Care.
650  2 ^aHolistic Nursing
700 1  ^aFontaine, Dorrie K.
945    ^p0^l0^i027425
999    ^aกมลทิพย์ ธนสารสุธี
รายการนี้ยังไม่มีแท็ก
คุณยังไม่ได้ล็อกอิน คุณสามารถมีกิจกรรมร่วมกับเว็บไซต์ได้ แต่ต้องล็อกอินก่อน ::
  ล็อกอิน

รายการสื่อสารสนเทศ

ลำดับที่ ประเภท เลขเรียก/บาร์โค้ด สถานที่ สถานะ
1. Book การพยาบาล
หนังสือสำรอง
สถานะ=หนังสือสำรอง
WY154 M889c 2009 ฉ.1 
  Barcode: 027425
ห้องสมุดวิทยาเขตสวรรค์ประชารักษ์
►หนังสือทั่วไป
บนชั้น

รายการใกล้เคียง
    หัวเรื่อง [Intensive care nursing.]
    หัวเรื่อง [Critical Care.]
    หัวเรื่อง [Holistic Nursing]

BibComment


ยังไม่เคยถูกคอมเมนท์

คอมเมนท์ทรัพยากรรายการนี้
  คอมเมนท์: Critical care nu..


 Copyright 2026. Bcnsprnw @Library